| 000 | 00787 a2200217 4500 | ||
|---|---|---|---|
| 020 | _a1580535216 (v. 1) | ||
| 020 | _a1580535224 (v. 2 ) | ||
| 040 | _aDLC | ||
| 082 | 0 | 0 | _a621.384/12 |
| 100 | 1 | _aGilmore, Rowan. | |
| 245 | 1 | 0 |
_aPractical RF circuit design for modern wireless systems _cRowan Gilmore, Les Besser. |
| 260 |
_aBoston, MA : _bArtech House, _cc2003. |
||
| 300 |
_a2 v. : _bill. ; _c26 cm. |
||
| 440 | 0 | _aArtech House microwave library | |
| 505 | 1 | _av. 1. Passive circuits and systems -- v. 2. Active circuits and systems. | |
| 650 | 0 |
_aRadio circuits _xDesign and construction. |
|
| 650 | 0 |
_aMicrowave circuits _xDesign and construction. |
|
| 650 | 0 |
_aWireless communication systems _xEquipment and supplies. |
|
| 700 | 1 | _aBesser, Les. | |
| 942 |
_cBK _k621.38412 GIL _2ddc |
||
| 999 |
_c8376 _d8376 |
||